UBT Library

The blood sugar solution 10-day detox diet : (Record no. 43448)

000 -LEADER
fixed length control field 01180cam a2200325 a 4500
001 - CONTROL NUMBER
control field 17956885
005 - DATE AND TIME OF LATEST TRANSACTION
control field 20180226071544.0
008 - FIXED-LENGTH DATA ELEMENTS--GENERAL INFORMATION
fixed length control field 131127s2014 nyu 001 0 eng d
010 ## - LIBRARY OF CONGRESS CONTROL NUMBER
LC control number 2013956467
020 ## - INTERNATIONAL STANDARD BOOK NUMBER
International Standard Book Number 9780316230025 (hc)
020 ## - INTERNATIONAL STANDARD BOOK NUMBER
International Standard Book Number 0316230022 (hc)
020 ## - INTERNATIONAL STANDARD BOOK NUMBER
Cancelled/invalid ISBN 9780316240000 (large print)
035 ## - SYSTEM CONTROL NUMBER
System control number (OCoLC)ocn843858725
040 ## - CATALOGING SOURCE
Original cataloging agency BTCTA
Language of cataloging eng
Transcribing agency BTCTA
Modifying agency YDXCP
-- BDX
-- CNSAP
-- UPZ
-- GK5
-- KNJ
-- OCP
-- GRR
-- ABG
-- BUR
-- JQM
-- WIM
-- MLY
-- VP@
-- QBX
-- DLC
Description conventions rda
041 ## - LANGUAGE CODE
Language code of text/sound track or separate title eng
042 ## - AUTHENTICATION CODE
Authentication code lccopycat
080 ## - UNIVERSAL DECIMAL CLASSIFICATION NUMBER
Universal Decimal Classification number 613.2833 mar
082 04 - DEWEY DECIMAL CLASSIFICATION NUMBER
Classification number 613.2833
Edition number 23
082 04 - DEWEY DECIMAL CLASSIFICATION NUMBER
Classification number 613.25
Edition number 23
100 1# - Rafti
Rafti 9
101 ## - Shkurtesa
Shkurtesa nut
245 14 - TITLE STATEMENT
Title The blood sugar solution 10-day detox diet :
Statement of responsibility, etc Mark Hyman, MD.
246 3# - VARYING FORM OF TITLE
Title proper/short title Blood sugar solution ten-day detox diet
246 30 - VARYING FORM OF TITLE
Title proper/short title 10-day detox diet
246 30 - VARYING FORM OF TITLE
Title proper/short title Ten-day detox diet
504 ## - BIBLIOGRAPHY, ETC. NOTE
Bibliography, etc Includes bibliographical references (pages 321-322) and indexes.
906 ## - LOCAL DATA ELEMENT F, LDF (RLIN)
a 7
b cbc
c copycat
d 2
e epcn
f 20
g y-gencatlg
942 ## - ADDED ENTRY ELEMENTS (KOHA)
Source of classification or shelving scheme
Item type Books
Holdings
Withdrawn status Lost status Source of classification or shelving scheme Damaged status Not for loan Collection code Permanent location Current location Shelving location Date acquired Total Checkouts Full call number Barcode Date last seen Price effective from Koha item type
          Koleksioni i përgjithshem UBT - Lipjan UBT - Lipjan Koleksioni i përgjithshem 02/26/2018   613.2833 mar 002-2999669 02/26/2018 02/26/2018 Books
UBT Library © 2015-2024. All rights reserved University Education for Business and Technology